000 00863aaa a2200253 4500
001 13161
003 HDC
007 cr bn ---aaaaa
008 210212p9999 my o 0o0 0 m may
040 _aHDC
110 _aKementerian Pembangunan Usahawan Dan Koperasi
245 0 _aBuku Panduan Perniagaan Desktop Publishing
260 _aPutrajaya :
_bKementerian Pembangunan Usahawan Dan Koperasi,
_c[no year]
300 _a19 pages
336 _atext
_2rdacontent
337 _acomputer
_2rdamedia
338 _aonline resource
_2rdacarrier
650 _aBusiness handbook
_913988
650 _adesktop publishing
_913990
856 _zRequest full-text at [email protected]
942 _2lcc
942 _cEBOOK
942 _kEBOK 000966
999 _c10477
_d10477